[Event "BCF-chT1d 1718 (4NCL) Demotion pool"]
[Site "England"]
[Date "2018.05.05"]
[Round "9.58"]
[White "Bamber, Elaine"]
[Black "Burton, Graham P"]
[Result "0-1"]
[WhiteElo "2102"]
[BlackElo "1979"]
[PlyCount "154"]
[EventDate "2017.11.11"]
[EventType "team-swiss"]
[EventRounds "11"]
[EventCountry "ENG"]
[SourceTitle "EXT 2019"]
[Source "ChessBase"]
[SourceDate "2018.10.10"]
[SourceVersion "1"]
[SourceVersionDate "2018.10.10"]
[SourceQuality "1"]
[WhiteTeam "Alba"]
[BlackTeam "3CS Oldham"]
[WhiteTeamCountry "ENG"]
[BlackTeamCountry "ENG"]

1. e4 c5 2. b3 e6 3. Nf3 Nf6 4. e5 Nd5 5. Bb2 Be7 6. Nc3 Nxc3 7. Bxc3 Qc7 8. Qe2 Nc6 9. Qe4 Nb4 10. a3 Nd5 11. Bb2 f5 12. Qe2 Nf4 13. Qd1 b6 14. g3 Ng6 15. Bg2 Bb7 16. Qe2 0-0 17. h4 Rac8 18. h5 Nh8 19. d3 b5 20. Rg1 c4 21. dxc4 bxc4 22. Bd4 cxb3 23. cxb3 Bc5 24. Qc4 Bxf3 25. Bxc5 Bxg2 26. Bd6 Qb7 27. Qf4 Rfe8 28. b4 Nf7 29. Bc5 Qe4+ 30. Qxe4 Bxe4 31. f4 a6 32. Ke2 Red8 33. Rad1 Bd5 34. g4 d6 35. Bb6 Rc2+ 36. Ke1 Rdc8 37. gxf5 Bc4 38. Rd2 Rxd2 39. Kxd2 exf5 40. e6 Nh6 41. e7 Re8 42. Kc3 d5 43. Bc5 Ng4 44. Kd4 Kf7 45. a4 Nf6 46. b5 axb5 47. a5 b4 48. h6 g6 49. Bxb4 Ng8 50. Ra1 Nxe7 51. Kc5 Rb8 52. Bc3 Ke6 53. a6 Rb5+ 54. Kd4 Nc6+ 55. Ke3 Rb3 56. Kd2 Na7 57. Re1+ Kd7 58. Bf6 Nc6 59. Ra1 Rb8 60. Kc3 Ra8 61. Rb1 Bxa6 62. Rb6 Kc7 63. Rb1 Re8 64. Ra1 Bb7 65. Kd3 Re4 66. Bg5 d4 67. Kd2 Nb4 68. Bf6 Ba6 69. Ra4 d3 70. Bc3 Re2+ 71. Kd1 Nd5 72. Bd2 Kb6 73. Rd4 Kc5 74. Ra4 Bc4 75. Ra7 Re7 76. Ra8 Kd4 77. Ra4 Nc3+ 0-1

[Event "BCF-chT2 1617 (4NCL) Promotion pool"]
[Site "England"]
[Date "2017.04.30"]
[Round "10.27"]
[White "Tebbs, Howard"]
[Black "Bamber, Elaine"]
[Result "1/2-1/2"]
[WhiteElo "2063"]
[BlackElo "2103"]
[PlyCount "144"]
[EventDate "2016.11.19"]
[EventType "team-tourn"]
[EventRounds "11"]
[EventCountry "ENG"]
[SourceTitle "EXT 2019"]
[Source "ChessBase"]
[SourceDate "2018.10.10"]
[SourceVersion "1"]
[SourceVersionDate "2018.10.10"]
[SourceQuality "1"]
[WhiteTeam "Sussex Martlets"]
[BlackTeam "Alba"]
[WhiteTeamCountry "ENG"]
[BlackTeamCountry "SCO"]

1. d4 Nf6 2. Bf4 g6 3. Nf3 Bg7 4. e3 d6 5. h3 0-0 6. Be2 c5 7. Nbd2 b6 8. c3 Bb7 9. 0-0 Nbd7 10. Qc2 Rc8 11. Bh2 a6 12. a4 Nb8 13. Qb3 Ne4 14. Nxe4 Bxe4 15. Nd2 Bb7 16. d5 Re8 17. Rad1 Nd7 18. e4 Rb8 19. Qc2 Nf6 20. f4 Bc8 21. Nf3 b5 22. axb5 axb5 23. b3 Qb6 24. Kh1 c4 25. Bg1 Qc7 26. b4 e6 27. dxe6 Bxe6 28. Nd4 Bd7 29. Bf3 Re7 30. Bh2 Ne8 31. Rfe1 Rb6 32. Qf2 Ra6 33. Ra1 Qa7 34. Rxa6 Qxa6 35. e5 dxe5 36. fxe5 Nc7 37. Qh4 Re8 38. Qf2 Bh6 39. Bg3 Qa3 40. Qc2 Ne6 41. Nxe6 Bxe6 42. Re2 Bf5 43. Be4 Bxe4 44. Rxe4 Qc1+ 45. Qxc1 Bxc1 46. Bf2 Bd2 47. Bd4 Re6 48. Kg1 Kf8 49. Kf2 Ra6 50. Re2 Bh6 51. Kf3 Ke7 52. Ke4 Ke6 53. Rf2 Bg7 54. g4 Ra1 55. Re2 Bh6 56. Be3 Bg7 57. Bf4 Bf8 58. Bg5 Rd1 59. Re3 Rd5 60. Bf6 h6 61. h4 Be7 62. Rf3 Rd1 63. g5 hxg5 64. hxg5 Rg1 65. Kf4 Bxf6 66. exf6 Re1 67. Rf2 Kd6 68. Rd2+ Ke6 69. Kf3 Re5 70. Rg2 Rf5+ 71. Kg4 Re5 72. Kf4 Re1 1/2-1/2

[Event "Dundee & Angus op"]
[Site "Dundee"]
[Date "2016.10.08"]
[Round "3"]
[White "Bamber, Elaine"]
[Black "Robinson, Stephen"]
[Result "1-0"]
[WhiteElo "2095"]
[BlackElo "1866"]
[PlyCount "77"]
[EventDate "2016.10.07"]
[EventType "swiss"]
[EventRounds "5"]
[EventCountry "SCO"]
[SourceTitle "EXT 2023"]
[Source "ChessBase"]
[SourceDate "2022.10.05"]
[SourceVersion "1"]
[SourceVersionDate "2022.10.05"]
[SourceQuality "1"]

1. e4 e6 2. d4 d5 3. Nd2 Nf6 4. e5 Nfd7 5. c3 c5 6. Bd3 Nc6 7. Ne2 cxd4 8. cxd4 f6 9. exf6 Qxf6 10. Nf3 Bb4+ 11. Bd2 0-0 12. 0-0 Bd6 13. Bg5 Qf7 14. Bh4 h6 15. Qc2 g5 16. Bg3 Bf4 17. Rae1 Nb4 18. Qb1 Nxd3 19. Qxd3 a5 20. Bxf4 gxf4 21. Nh4 e5 22. Qg6+ Qg7 23. Qe6+ Kh7 24. Qxd5 Qg4 25. Qe4+ Kg7 26. g3 Nf6 27. Qxe5 f3 28. Nf4 Ra6 29. Qc7+ Bd7 30. Re7+ Rf7 31. Rxf7+ Kxf7 32. Qxb7 Rd6 33. Nxf3 Qf5 34. Ne5+ Kg7 35. Qb3 Be6 36. Nxe6+ Rxe6 37. Qb7+ Kh8 38. Nf7+ Kg7 39. Nd6+ 1-0

[Event "Ayr op"]
[Site "Ayr"]
[Date "2016.05.29"]
[Round "5"]
[White "Orr, Mark JL"]
[Black "Bamber, Elaine"]
[Result "1-0"]
[WhiteElo "2160"]
[BlackElo "2066"]
[PlyCount "76"]
[EventDate "2016.05.27"]
[EventType "swiss"]
[EventRounds "5"]
[EventCountry "SCO"]
[SourceTitle "CBM 172 Extra"]
[Source "ChessBase"]
[SourceDate "2016.06.21"]
[SourceVersion "1"]
[SourceVersionDate "2016.06.21"]
[SourceQuality "1"]

1. c4 e5 2. g3 Nf6 3. Bg2 Nc6 4. Nc3 Be7 5. Nf3 0-0 6. d4 exd4 7. Nxd4 Ne5 8. b3 Bb4 9. Bd2 Bc5 10. Nc2 a6 11. 0-0 d6 12. Bg5 Neg4 13. Bxf6 Nxf6 14. Qd2 Re8 15. Rae1 Re5 16. e4 Ng4 17. h3 Nf6 18. Ne3 Rh5 19. g4 Bxe3 20. Qxe3 Nxg4 21. hxg4 Bxg4 22. Qf4 Bh3 23. Bxh3 Rxh3 24. Re3 Rh4 25. Qf3 Qg5+ 26. Qg2 Qh5 27. Rg3 Qh6 28. Nd5 Kf8 29. Nxc7 Rc8 30. Nd5 Re8 31. f4 Re6 32. Re1 g6 33. a4 Rh5 34. a5 Re8 35. Nf6 Rxa5 36. Nxe8 Kxe8 37. Rf1 Qg7 38. Qd2 Qf6 1-0

[Event "Oban op"]
[Site "Oban"]
[Date "2015.11.22"]
[Round "5"]
[White "Bamber, Elaine"]
[Black "Giulian Jackson, Rosemary"]
[Result "1/2-1/2"]
[WhiteElo "2106"]
[BlackElo "1831"]
[PlyCount "57"]
[EventDate "2015.10.20"]
[EventType "swiss"]
[EventRounds "5"]
[EventCountry "SCO"]
[SourceTitle "EXT 2023"]
[Source "ChessBase"]
[SourceDate "2022.10.05"]
[SourceVersion "1"]
[SourceVersionDate "2022.10.05"]
[SourceQuality "1"]

1. e4 e6 2. b3 d5 3. Bb2 Nf6 4. e5 Nfd7 5. Qg4 c5 6. f4 Nc6 7. Nf3 g6 8. c3 b6 9. h4 h5 10. Qg3 Ne7 11. Bd3 Nf5 12. Bxf5 gxf5 13. Na3 Ba6 14. Nc2 Qe7 15. Qg5 0-0-0 16. Qxe7 Bxe7 17. Ng5 Bxg5 18. hxg5 Bd3 19. Na3 Nf8 20. Rh3 Ba6 21. d4 Ng6 22. Bc1 cxd4 23. cxd4 Kd7 24. Bd2 Rc8 25. Kf2 h4 26. Ke3 Bb7 27. Nb5 Ba6 28. Nd6 Rcf8 29. Bb4 1/2-1/2

[Event "Jersey op"]
[Site "St Clement Bay"]
[Date "2015.03.20"]
[Round "9"]
[White "Jouault, Louis"]
[Black "Bamber, Elaine"]
[Result "0-1"]
[WhiteElo "1910"]
[BlackElo "2085"]
[PlyCount "120"]
[EventDate "2015.03.15"]
[EventType "swiss"]
[EventRounds "9"]
[EventCountry "GCI"]
[SourceTitle "CBM 165 Extra"]
[Source "ChessBase"]
[SourceDate "2015.04.21"]
[SourceVersion "1"]
[SourceVersionDate "2015.04.21"]
[SourceQuality "1"]

1. e4 e5 2. Nf3 Nc6 3. Bc4 Bc5 4. 0-0 d6 5. c3 Nf6 6. d3 0-0 7. b4 Bb6 8. a4 a6 9. h3 Be6 10. Nbd2 h6 11. Re1 Ne7 12. Bb2 Ng6 13. d4 Qd7 14. Bxe6 Qxe6 15. d5 Qd7 16. Nc4 Ba7 17. Bc1 Rfe8 18. Be3 Bxe3 19. Rxe3 Nf4 20. Ne1 N6h5 21. Nd3 f5 22. Nxf4 exf4 23. Re1 Nf6 24. exf5 Qxf5 25. Qf3 g5 26. g4 Qxd5 27. Qxd5+ Nxd5 28. Rec1 f3 29. Na5 Nf4 30. Kh2 b6 31. Nc6 Re2 32. Kg3 Nd3 33. Rf1 Rae8 34. Nd4 Rb2 35. Kxf3 Rf8+ 36. Nf5 Kh7 37. a5 b5 38. Rad1 Ne5+ 39. Kg3 Rb3 40. Rc1 Nd3 41. Rc2 Nxb4 42. Re2 Rxc3+ 43. Kh2 Nd5 44. Re6 Rxh3+ 45. Kg1 Rf6 46. Re8 h5 47. Rd1 c6 48. Ra8 hxg4 49. Ng3 Re6 50. Rxa6 Nc3 51. Rd2 d5 52. Rb6 d4 53. a6 Re1+ 54. Kg2 Nd5 55. Rb7+ Kg6 56. Rxd4 Nf4+ 57. Rxf4 gxf4 58. Nf1 f3+ 59. Kg1 Rxf1+ 60. Kxf1 Rh1# 0-1

[Event "Jersey op"]
[Site "St Clement Bay"]
[Date "2015.03.16"]
[Round "3"]
[White "Rozentalis, Eduardas"]
[Black "Bamber, Elaine"]
[Result "1-0"]
[WhiteElo "2549"]
[BlackElo "2085"]
[PlyCount "81"]
[EventDate "2015.03.15"]
[EventType "swiss"]
[EventRounds "9"]
[EventCountry "GCI"]
[SourceTitle "CBM 165 Extra"]
[Source "ChessBase"]
[SourceDate "2015.04.21"]
[SourceVersion "1"]
[SourceVersionDate "2015.04.21"]
[SourceQuality "1"]

1. e4 e5 2. Nf3 Nc6 3. Bb5 a6 4. Bxc6 dxc6 5. Nc3 Qf6 6. d4 exd4 7. Bg5 Qg6 8. Qxd4 Be6 9. 0-0 Bd6 10. Qe3 Ne7 11. Bf4 Bxf4 12. Qxf4 0-0-0 13. Rad1 Kb8 14. a3 Bh3 15. Qg5 Qxg5 16. Nxg5 Be6 17. f4 Bc4 18. Rfe1 f6 19. Nf3 Rxd1 20. Rxd1 Re8 21. Kf2 Be6 22. f5 Bf7 23. g4 Nc8 24. Rd7 Nd6 25. e5 fxe5 26. Ng5 Kc8 27. Rxd6 cxd6 28. Nxf7 Kc7 29. Ne4 b5 30. Nfxd6 Rb8 31. Ke3 h6 32. Nf7 Re8 33. Nc5 Re7 34. Ne6+ Kb6 35. Nxe5 c5 36. Ke4 b4 37. Kd5 bxa3 38. bxa3 Kb5 39. Nxc5 a5 40. c4+ Kb6 41. Kd6 1-0

[Event "Euskadi-Scotland m"]
[Site "Azkoitia"]
[Date "2014.11.29"]
[Round "2.6"]
[White "Munoz Perez, Miriam"]
[Black "Bamber, Elaine"]
[Result "1/2-1/2"]
[WhiteElo "2036"]
[BlackElo "2115"]
[PlyCount "132"]
[EventDate "2014.11.29"]
[EventType "team-match"]
[EventRounds "2"]
[EventCountry "ESP"]
[SourceTitle "EXT 2024"]
[Source "ChessBase"]
[SourceDate "2023.10.10"]
[SourceVersion "1"]
[SourceVersionDate "2023.10.10"]
[SourceQuality "1"]
[WhiteTeam "Euskadi"]
[BlackTeam "Scotland"]
[WhiteTeamCountry "BAS"]
[BlackTeamCountry "SCO"]

1. e4 e5 2. Nf3 Nc6 3. Bb5 a6 4. Ba4 Nf6 5. d3 b5 6. Bb3 Bc5 7. 0-0 h6 8. c3 0-0 9. h3 d6 10. Re1 Bb7 11. Nbd2 a5 12. a4 b4 13. Nf1 Ne7 14. Ng3 bxc3 15. bxc3 Rb8 16. Be3 Bxe3 17. Rxe3 Ba6 18. d4 Nc6 19. Rc1 Nd7 20. Nf5 Kh7 21. Bd5 Ne7 22. Nxe7 Qxe7 23. Nd2 Nb6 24. Bc6 Nc4 25. Nxc4 Bxc4 26. Bd5 Ba6 27. Rb1 Qd7 28. Rxb8 Rxb8 29. dxe5 dxe5 30. Rf3 Rd8 31. Qb3 f6 32. Kh2 Qe8 33. Bc4 Rb8 34. Qa2 Bb7 35. Bb5 Qg8 36. Bc4 Qe8 37. Bb5 Qg8 38. Bc4 Qf8 39. Bd5 Ba6 40. Bc4 Bc8 41. Be6 Bxe6 42. Qxe6 Qe8 43. Qc4 Qc8 44. Qf7 Rb7 45. Rxf6 c5 46. Qg6+ Kg8 47. Re6 Rf7 48. Rc6 Qf8 49. Qe6 Kh7 50. Rc8 Rf6 51. Rxf8 Rxe6 52. Rc8 Kg6 53. Rxc5 Kf6 54. Kg3 Rb6 55. Kf3 Rb3 56. Ke3 Ra3 57. Rxa5 Rxc3+ 58. Kd2 Ra3 59. Ra6+ Kg5 60. Ra7 Kf4 61. Rxg7 Kxe4 62. Rg4+ Kf5 63. Rc4 Ra2+ 64. Ke3 Ra3+ 65. Ke2 Ra2+ 66. Ke3 Ra3+ 1/2-1/2

[Event "Olympiad Women-41"]
[Site "Tromsoe"]
[Date "2014.08.05"]
[Round "4.2"]
[White "Gevorgyan, Irina"]
[Black "Bamber, Elaine"]
[Result "0-1"]
[WhiteElo "2141"]
[BlackElo "2077"]
[PlyCount "134"]
[EventDate "2014.08.02"]
[EventType "team-swiss"]
[EventRounds "11"]
[EventCountry "NOR"]
[SourceTitle "CBM 162"]
[Source "ChessBase"]
[SourceDate "2014.09.17"]
[SourceVersion "1"]
[SourceVersionDate "2014.09.17"]
[SourceQuality "1"]
[WhiteTeam "Uzbekistan (W)"]
[BlackTeam "Scotland (W)"]
[WhiteTeamCountry "UZB"]
[BlackTeamCountry "SCO"]

1. d4 d5 2. c4 e6 3. Nc3 Be7 4. Nf3 Nf6 5. cxd5 exd5 6. Bg5 0-0 7. e3 Re8 8. Qc2 Nc6 9. Be2 h6 10. Bh4 Nb4 11. Qd1 Bf5 12. 0-0 a5 13. a3 Na6 14. Bxf6 Bxf6 15. Qb3 Be6 16. Qxb7 Qd6 17. Qb3 c5 18. Bxa6 Rxa6 19. Nb5 Qd7 20. a4 c4 21. Qc3 Bh3 22. Ne1 Bg4 23. Qd2 Be7 24. f3 Bg5 25. f4 Be7 26. Nf3 Bb4 27. Nc3 Bf5 28. Rfe1 Rb6 29. Qf2 f6 30. Ra2 Bd3 31. Nd2 Rbe6 32. Qf3 Kf8 33. Raa1 Bc2 34. Kf2 Bxa4 35. f5 Rd6 36. Nxa4 Bxd2 37. Re2 Bb4 38. Nc5 Bxc5 39. dxc5 Rc6 40. Rxa5 Re5 41. g4 Rc8 42. Ra1 Rce8 43. Rd1 Re4 44. Qg3 R4e5 45. Rd4 Qc6 46. Qf4 Qxc5 47. h3 Qa7 48. Rd1 Rb8 49. Qd4 Qa5 50. Rdd2 Rb3 51. Kg2 Qc7 52. Qf4 Qe7 53. e4 dxe4 54. Rd4 Qb7 55. Rxc4 Rxb2 56. Rxb2 Qxb2+ 57. Qf2 Qb7 58. Qc2 e3+ 59. Kg3 Re8 60. Qe2 Qd5 61. Rf4 Qe5 62. Kf3 Qd5+ 63. Kg3 Qd6 64. Kf3 Qc6+ 65. Kg3 Qc1 66. Rf1 Qc3 67. Rf3 Qd2 0-1

[Event "Rhein Main op-A 17th"]
[Site "Bad Homburg"]
[Date "2014.06.21"]
[Round "6"]
[White "Bamber, Elaine"]
[Black "Chandler, Patrick"]
[Result "1-0"]
[WhiteElo "2085"]
[BlackElo "2166"]
[PlyCount "127"]
[EventDate "2014.06.18"]
[EventType "swiss"]
[EventRounds "7"]
[EventCountry "GER"]
[SourceTitle "CBM 161 Extra"]
[Source "ChessBase"]
[SourceDate "2014.08.29"]
[SourceVersion "1"]
[SourceVersionDate "2014.08.29"]
[SourceQuality "1"]

1. e4 Nf6 2. e5 Nd5 3. d4 d6 4. c4 Nb6 5. exd6 cxd6 6. Nf3 Bg4 7. h3 Bh5 8. Be3 e6 9. Nc3 Be7 10. Bd3 N8d7 11. Ne2 Bxf3 12. gxf3 Nf6 13. Qd2 Rc8 14. Rc1 Nbd7 15. Ng3 b6 16. h4 d5 17. b3 Ba3 18. Rd1 Qe7 19. 0-0 h6 20. Kg2 Kf8 21. Rh1 Rg8 22. Rdg1 Rd8 23. Kf1 Qd6 24. Ne2 e5 25. Ng3 exd4 26. Bf4 Qb4 27. Qd1 dxc4 28. bxc4 Nc5 29. Bc7 Rd7 30. Be5 Qc3 31. Bf5 Qxc4+ 32. Kg2 Rd5 33. Bxf6 gxf6 34. Qd2 Rxf5 35. Qxh6+ Ke7 36. Qh7 Rg6 37. h5 Rgg5 38. Qxf5 Rxf5 39. Nxf5+ Kd7 40. h6 Qd5 41. Ng3 Nd3 42. Rh4 Ne5 43. Ne4 Be7 44. h7 f5 45. h8Q Bxh4 46. Qxh4 fxe4 47. Qxe4 Qxe4 48. fxe4 Kd6 49. f4 Nc4 50. e5+ Kd5 51. Kf3 d3 52. Rg7 Ke6 53. Rg8 d2 54. Rd8 b5 55. Ke4 a5 56. f5+ Ke7 57. Rd3 a4 58. Kd4 a3 59. Kc5 Nxe5 60. Rxd2 Kf6 61. Kxb5 Kxf5 62. Rf2+ Ke4 63. Rf6 Kd4 64. Kb4 1-0

[Event "BCF-chT2a 1314 (4NCL)"]
[Site "England"]
[Date "2014.02.15"]
[Round "5.45"]
[White "Bamber, Elaine"]
[Black "De Coverly, Roger D"]
[Result "1/2-1/2"]
[WhiteElo "2060"]
[BlackElo "2024"]
[PlyCount "135"]
[EventDate "2013.11.16"]
[EventType "team-swiss"]
[EventRounds "11"]
[EventCountry "ENG"]
[SourceTitle "EXT 2015"]
[Source "ChessBase"]
[SourceDate "2014.11.20"]
[SourceVersion "1"]
[SourceVersionDate "2014.11.20"]
[SourceQuality "1"]
[WhiteTeam "Cambridge II"]
[BlackTeam "Wessex"]
[WhiteTeamCountry "ENG"]
[BlackTeamCountry "ENG"]

1. e4 e5 2. Nf3 Nc6 3. Bb5 a6 4. Ba4 Nf6 5. 0-0 Be7 6. Bxc6 dxc6 7. d3 Nd7 8. Nbd2 0-0 9. b3 c5 10. Bb2 f6 11. Nc4 Nb8 12. Ne3 Re8 13. Nh4 Nc6 14. Nhf5 Bf8 15. f4 exf4 16. Rxf4 Nd4 17. Nxd4 cxd4 18. Nf5 Bxf5 19. Rxf5 Re5 20. Rxe5 fxe5 21. Qg4 Qd6 22. Rf1 Re8 23. Bc1 Qe6 24. Qf5 Qxf5 25. Rxf5 g6 26. Rf2 b5 27. Bd2 c5 28. Rf6 Ra8 29. Re6 Bg7 30. Rc6 Bf8 31. Be1 a5 32. Bg3 a4 33. Bxe5 axb3 34. axb3 Ra1+ 35. Kf2 Rc1 36. Kf3 Rxc2 37. Bxd4 Rd2 38. Bxc5 Bxc5 39. Rxc5 Rxd3+ 40. Kf4 Rxb3 41. Rc2 Rb1 42. Ke5 b4 43. Kf6 Rf1+ 44. Ke6 Rb1 45. e5 b3 46. Rf2 Ra1 47. Kf6 Ra8 48. Rb2 Rf8+ 49. Ke7 Rb8 50. e6 Rb7+ 51. Ke8 Rb8+ 52. Kd7 Rb7+ 53. Kc6 Rb4 54. Kd7 Rb7+ 55. Kd8 Rb8+ 56. Ke7 Rb7+ 57. Kf6 Kf8 58. h4 Rb5 59. g4 Rb4 60. g5 Rf4+ 61. Ke5 Rb4 62. Kd6 Ke8 63. Kc5 Rb8 64. Kd6 Rb6+ 65. Kc5 Rb8 66. Kd6 Rb6+ 67. Kc5 Rb8 68. Kd6 1/2-1/2